|
|
|
|
| LEADER |
00000nam0a2200000 4500 |
| 001 |
163596 |
| 005 |
20231031160852.0 |
| 020 |
|
|
|a RU
|b 92-2286
|
| 035 |
|
|
|a (RuTPU)RU\TPU\book\177494
|
| 090 |
|
|
|a 163596
|
| 100 |
|
|
|a 20090819d1991 km a0rusy5003 ca
|
| 101 |
0 |
|
|a rus
|
| 102 |
|
|
|a RU
|
| 105 |
|
|
|a a z 001zy
|
| 200 |
1 |
|
|a Современная интенсивность внутриконтинентальной эрозии суши Земного шара
|d Contemporapy intensity of the world land intracontinental erosion
|f М. И. Львович [и др.]
|g под ред. Н. И. Коронкевич
|
| 210 |
|
|
|a Москва
|c Междувед. геофиз. ком.
|d 1991
|
| 215 |
|
|
|a 336 с.
|c ил.
|d 26 см
|
| 225 |
1 |
|
|a Результаты исследований по международным геофизическим проектам
|
| 320 |
|
|
|a Библиогр.: с. 292-319.
|
| 510 |
1 |
|
|a Contemporapy intensity of the world land intracontinental erosion
|z eng
|
| 610 |
1 |
|
|a эрозия водная
|
| 610 |
1 |
|
|a суша
|
| 610 |
1 |
|
|a Земной шар
|
| 610 |
1 |
|
|a гидрогеология
|
| 610 |
1 |
|
|a зональность
|
| 610 |
1 |
|
|a рельеф
|
| 610 |
1 |
|
|a хозяйственная деятельность
|
| 675 |
|
|
|a 551.311
|z rus
|
| 701 |
|
1 |
|a Львович
|b М. И.
|g Марк Исакович
|
| 701 |
|
1 |
|a Карасик
|b Г. Я.
|
| 701 |
|
1 |
|a Братцева
|b Н. Л.
|
| 701 |
|
1 |
|a Медведева
|b Г. П.
|
| 701 |
|
1 |
|a Мелешко
|b А. В.
|
| 702 |
|
1 |
|a Коронкевич
|b Н. И.
|g Николай Иванович
|4 340
|
| 801 |
|
0 |
|a RU
|b RuMRKP
|c 19950417
|g psbo
|
| 801 |
|
1 |
|a RU
|b 63413507
|c 20090819
|
| 801 |
|
2 |
|a RU
|b 63413507
|c 20190304
|g RCR
|
| 942 |
|
|
|c BK
|